00250nam a2200097Ia 4500001000800000005001700008008004100025020001800066245005000084260001800134127610320260417160441.0260417s9999 xx 000 0 und d a9786256698574 0aBen Neden Bu Kadar BöylecGüray Süngü bKetebe Genç